[Event "Swedish Elitserien 2021-22"]
[Site "Sodertalje"]
[Date "2022.05.14"]
[Round "8.32"]
[White "Tari, Aryan"]
[Black "Sorensen, Hampus"]
[Result "1-0"]
[WhiteElo "2654"]
[BlackElo "2372"]
[Annotator "TA"]
[PlyCount "81"]
[EventDate "2022.05.13"]
[EventType "team-tourn"]
[EventCountry "SWE"]
[SourceTitle "playchess.com"]
[Source "ChessBase"]
[SourceQuality "1"]

{[%evp 11,81,17,28,18,20,12,18,16,29,14,19,21,20,15,33,35,42,49,52,62,81,71,61,52,44,46,45,47,41,33,36,36,35,23,54,59,57,60,73,43,94,68,114,110,128,128,128,128,128,128,203,197,242,235,235,230,270,146,352,290,405,396,427,439,431,343,371,331,346,337,317,312]} 1. e4 {[%emt 0:00:01]} e5 {[%emt 0:00:08]} 2. Nf3 {[%emt 0:00:05]} Nc6 {[%emt 0:00:05]} 3. Bc4 {[%emt 0:00:03]} Bc5 {[%emt 0:01:30]} 4. c3 {[%emt 0:00:06]} Nf6 {[%emt 0:00:14]} 5. d3 {[%emt 0:00:08]} a6 {[%emt 0:02:27]} 6. O-O {[%emt 0:00:16]} Ba7 {[%emt 0:01:00]} 7. Re1 {[%emt 0:00:46] C54: Giuoco Piano: 4 c3 Nf6, main lines with 5 d4 and 5 d3.} d6 {[%emt 0:01:04]} 8. a4 {[%emt 0:00:15]} h6 {[%emt 0:02:25]} 9. Nbd2 {[%emt 0:03:20] The position is equal.} O-O {[%emt 0:01:31]} 10. h3 {[%emt 0:00:22]} Ne7 {[%emt 0:01:08]} 11. Nf1 {[%emt 0:02:05]} Ng6 {[%emt 0:01:12]} 12. Bb3 {[%emt 0:00:49][%cal Bc4b3,Bb3c2,Bc2d3][%mdl 32]} a5 {[%emt 0:02:27]} 13. Ng3 {[%emt 0:13:15]} Re8 {[%emt 0:02:10]} 14. d4 {[%emt 0:03:05]} c6 {[%emt 0:10:34]} 15. Bc2 {[%emt 0:04:40]} Qc7 {[%emt 0:17:39]} 16. Be3 {[%emt 0:04:17]} Be6 {[%emt 0:03:06]} 17. Bd3 {[%emt 0:08:16] [#]} Bb6 $146 {[%emt 0:06:42]} ({Predecessor:} 17... Rad8 18. Qc2 Bb8 19. Rad1 Qc8 20. c4 exd4 21. Nxd4 Nh4 22. Nxe6 Rxe6 23. f4 Rde8 {1-0 (35) Ganguly,S (2633)-Dimakiling,O (2423) Sharjah 2019}) 18. Qc2 {[%emt 0:02:51]} Rad8 {[%emt 0:02:12]} 19. Rad1 {[%emt 0:03:41]} Nh7 {[%emt 0:05:49]} 20. Nh5 {[%emt 0:04:02]} Qe7 {[%emt 0:05:31]} 21. Kh1 {[%emt 0:15:12]} Bc7 {[%emt 0:01:53]} 22. Ng3 {[%emt 0:06:20]} Nh4 {[%emt 0:02:45]} 23. Nxh4 {[%emt 0:03:42]} Qxh4 {[%emt 0:00:06]} 24. d5 {[%emt 0:00:43]} Bc8 {[%emt 0:02:40]} 25. c4 {[%emt 0:02:02]} c5 {[%emt 0:01:43]} ({Black should try} 25... Nf6 $14) 26. Nf5 {[%emt 0:01:36]} Qf6 {[%emt 0:07:26]} (26... Bxf5 $14 {should be considered.} 27. exf5 e4) 27. Bd2 $16 {[%emt 0:02:28] White is much more active.} Nf8 {[%emt 0:02:56][%cal Bh7f8,Bf8g6,Bg6f4][%mdl 32]} 28. Re3 {[%emt 0:04:31]} Ng6 {[%emt 0:00:36]} 29. Rf3 {[%emt 0:00:04][%cal Of5h6] Nxh6+! is the strong threat.} Nf4 {[%emt 0:00:36]} 30. Bf1 {[%emt 0:02:52]} g5 {[%emt 0:06:41] [#]} (30... b6 $16 31. Bxf4 exf4) 31. g3 $1 $18 {[%emt 0:01:03]} Bxf5 {[%emt 0:03:35]} 32. exf5 {[%emt 0:00:01]} Nh5 {[%emt 0:00:07]} 33. Be2 {[%emt 0:02:55]} Ng7 {[%emt 0:01:22]} 34. Qe4 {[%emt 0:00:20]} (34. g4 $18) 34... Rd7 $2 {[%emt 0:00:17] Black cannot hold the game after this.} (34... Kf8 $16 35. Kg2 Ke7) 35. Kg2 {[%emt 0:00:58]} Kf8 {[%emt 0:01:50]} 36. h4 {[%emt 0:01:26] And now hxg5 would win.} gxh4 {[%emt 0:00:55]} 37. Rh1 {[%emt 0:00:09][%cal Bd1h1,Bh1h4,Bh4h8,Bh8h7][%mdl 32]} Ke7 {[%emt 0:00:28]} 38. Rxh4 {[%emt 0:02:36]} Rh8 {[%emt 0:00:06] [#]} 39. Bg5 $1 {[%emt 0:04:37][%mdl 512]} hxg5 {[%emt 0:01:52]} 40. Rxh8 {[%emt 0:00:01] Threatens to win with Rg8.} Rd8 {[%emt 0:00:22] Against Rg8} 41. Rh7 {[%emt 0:00:56] Weighted Error Value: White=0.12 (very precise) /Black=0.20 (precise)} 1-0

[Event "Swedish Elitserien 2021-22"]
[Site "Sodertalje"]
[Date "2022.05.14"]
[Round "8.33"]
[White "Tari, Aryan"]
[Black "Sorensen, Hampus"]
[Result "*"]
[WhiteElo "2654"]
[BlackElo "2372"]
[Annotator "TA"]
[PlyCount "31"]
[EventDate "2022.05.13"]
[EventType "team-tourn"]
[EventCountry "SWE"]
[SourceTitle "playchess.com"]
[Source "ChessBase"]
[SourceQuality "1"]

{[%evp 11,12,22,30]} 1. e4 {[%emt 0:00:01]} e5 {[%emt 0:00:08]} 2. Nf3 {[%emt 0:00:05]} Nc6 {[%emt 0:00:05]} 3. Bc4 {[%emt 0:00:03]} Bc5 {[%emt 0:01:30]} 4. c3 {[%emt 0:00:06]} Nf6 {[%emt 0:00:14]} 5. d3 {[%emt 0:00:08]} a6 {[%emt 0:02:27]} 6. O-O {[%emt 0:00:16]} Ba7 {[%emt 0:01:00] [#]} {Predecessor:} 7. a4 $146 {C54: Giuoco Piano: 4 c3 Nf6, main lines with 5 d4 and 5 d3.} O-O 8. Re1 d6 9. h3 Re8 10. Nbd2 Be6 11. Qc2 Qd7 12. Bxe6 Qxe6 13. Nf1 d5 14. Be3 Bxe3 15. Nxe3 dxe4 16. dxe4 {½-½ (38) Vachier Lagrave,M (2766)-Berkes,F (2676) Terme Catez 2021} *

[Event "Swedish Elitserien 2021-22"]
[Site "Sodertalje"]
[Date "2022.05.15"]
[Round "9.1"]
[White "Johansson, Linus"]
[Black "Meshkovs, Nikita"]
[Result "1-0"]
[WhiteElo "2451"]
[BlackElo "2553"]
[Annotator "TA"]
[PlyCount "171"]
[EventDate "2022.05.13"]
[EventType "team-tourn"]
[EventCountry "SWE"]
[SourceTitle "playchess.com"]
[Source "ChessBase"]
[SourceQuality "1"]

{[%evp 15,171,10,19,6,20,0,0,-20,20,34,32,34,39,7,8,5,7,8,78,86,87,68,74,65,80,81,81,72,63,65,83,75,145,150,152,145,160,146,152,152,149,0,106,0,111,0,131,130,127,114,162,141,141,91,166,123,161,102,113,127,126,125,115,117,77,56,120,86,96,16,16,12,21,14,16,27,87,81,90,80,80,89,100,79,100,75,94,40,37,36,45,45,63,0,0,0,63,66,154,119,154,154,154,154,154,154,154,154,154,78,76,76,76,8,80,81,80,63,68,0,95,80,244,204,207,25,513,453,29967,29965,29964,29957,29965,29967,29964,29966,29970,29973,29977,29978,29977,29977,29979,29980,29980,29981,29981,29982,29982,29983,29983,29984,29984,29985,29986,29987,29987,29988]} 1. d4 {[%emt 0:00:02]} Nf6 {[%emt 0:05:44]} 2. c4 {[%emt 0:00:07]} e6 {[%emt 0:00:04]} 3. Nc3 {[%emt 0:00:04]} Bb4 {[%emt 0:00:08]} 4. e3 {[%emt 0:00:05]} c5 {[%emt 0:02:43]} 5. Bd3 {[%emt 0:00:45]} Nc6 {[%emt 0:00:45]} 6. Nge2 {[%emt 0:03:51]} cxd4 {[%emt 0:04:20]} 7. exd4 {[%emt 0:00:08]} d5 {[%emt 0:00:04]} 8. cxd5 {[%emt 0:00:16]} Qxd5 {[%emt 0:02:49]} 9. O-O {[%emt 0:00:37] E41: Nimzo-Indian: Rubinstein: 4...c5 5 Bd3, including Hübner Variation.} Qh5 {[%emt 0:00:06] [#]} 10. Qa4 $146 {[%emt 0:08:14]} ({Predecessor:} 10. Ne4 Nxe4 11. Bxe4 Bd6 12. Bf4 Bxf4 13. Nxf4 Qxd1 14. Rfxd1 Bd7 15. d5 exd5 16. Bxd5 O-O-O 17. h3 g5 18. Nh5 Be6 19. Bxe6+ fxe6 {½-½ (28) Milov,V (2676)-Yudasin,L (2550) Philadelphia 2007}) 10... O-O {[%emt 0:08:38]} 11. a3 {[%emt 0:03:31] The position is equal.} (11. Bb5 $5 {[%cal Rb5c6]} Bd6 12. Ng3 $11) 11... Bxc3 {[%emt 0:14:16]} 12. bxc3 {[%emt 0:00:34]} Bd7 {[%emt 0:03:19][%cal Oc6e5]} 13. Qb3 {[%emt 0:06:53]} Qd5 {[%emt 0:16:15]} (13... Ng4 14. h3 Nf6 15. Qxb7 $16) (13... Na5 14. Qb4 Nc6 15. Qxb7 $16) 14. Qd1 {[%emt 0:11:27]} Na5 {[%emt 0:03:08]} 15. Nf4 {[%emt 0:00:48]} Qb3 {[%emt 0:02:07]} 16. Qf3 {[%emt 0:05:42]} Bc6 {[%emt 0:03:09]} (16... Rac8 $11) 17. Qh3 $16 {[%emt 0:03:01]} Be4 {[%emt 0:09:59]} 18. Nh5 {[%emt 0:03:18] White threatens Nxf6+ and mate.} Bxd3 {[%emt 0:02:44]} 19. Nxf6+ $40 {[%emt 0:00:07][%mdl 128] White mounts an attack.} gxf6 {[%emt 0:00:04]} 20. Qxd3 {[%emt 0:10:48]} Kh8 {[%emt 0:02:03]} 21. Rb1 {[%emt 0:07:45][%cal Ba1b1,Bb1b4,Bb4b7,Bb7c7,Bc7d7][%mdl 32]} Qc4 {[%emt 0:00:01]} 22. Qf3 {[%emt 0:00:10]} f5 {[%emt 0:00:02]} 23. Rb4 {[%emt 0:06:16]} Qc6 {[%emt 0:00:39]} (23... Qc8 $142) 24. Qxc6 {[%emt 0:07:44]} Nxc6 {[%emt 0:00:01]} 25. Rxb7 {[%emt 0:00:08]} Rab8 {[%emt 0:00:01]} 26. Rc7 {[%emt 0:00:07] White is more active.} Rbc8 {[%emt 0:00:02]} 27. Rd7 {[%emt 0:00:34]} Rcd8 {[%emt 0:05:31]} 28. Rb7 {[%emt 0:00:34]} Rb8 {[%emt 0:00:15]} 29. Rc7 {[%emt 0:00:05]} Rbc8 {[%emt 0:00:08]} 30. Rd7 {[%emt 0:00:03]} Rcd8 $1 {[%emt 0:00:04]} 31. Rxd8 {[%emt 0:00:05]} Rxd8 {[%emt 0:00:04][%mdl 4096] Endgame KRB-KRN} 32. Bg5 {[%emt 0:01:24]} Rd7 {[%emt 0:02:52]} (32... Rb8 $16) 33. Bf6+ {[%emt 0:00:08]} Kg8 34. Rd1 {[%emt 0:06:40]} (34. g3 $142) 34... h6 {[%emt 0:07:01]} (34... h5 $16 {is a better defense.}) 35. h4 {[%emt 0:00:59]} f4 {[%emt 0:00:52]} 36. Rb1 {[%emt 0:05:06]} ({Better is} 36. Re1 $18) 36... Kh7 {[%emt 0:01:18]} 37. h5 {[%emt 0:00:41]} Rd5 {[%emt 0:00:02]} 38. Rb7 {[%emt 0:01:07]} Rxh5 {[%emt 0:00:02]} 39. Rc7 $1 {[%emt 0:02:00]} (39. Rxf7+ Kg6 40. Rc7 Kxf6 $14) 39... Kg6 {[%emt 0:01:26]} 40. Bh8 {[%emt 0:00:26]} ({But not} 40. Rxc6 Kxf6 41. Ra6 Rb5 $11) 40... Na5 {[%emt 0:02:37]} (40... Kh7 $1 $14) 41. Rxa7 {[%emt 0:15:38]} Rb5 {[%emt 0:14:34]} 42. Kf1 {[%emt 0:00:13]} (42. Rc7 $1 $16) 42... Nc4 $1 $11 {[%emt 0:00:09] Against Be5} 43. a4 {[%emt 0:05:21]} Rb8 {[%emt 0:04:50]} 44. Rc7 {[%emt 0:00:35]} Nb6 {[%emt 0:10:49]} 45. Be5 {[%emt 0:00:58]} Nxa4 {[%emt 0:00:11]} (45... Ra8 $11 {remains equal.}) 46. Bxf4 $16 {[%emt 0:00:12]} Rb2 {[%emt 0:00:02]} 47. Ke1 {[%emt 0:04:07]} h5 {[%emt 0:01:30]} 48. Bd2 {[%emt 0:00:41]} Rc2 {[%emt 0:01:08]} 49. Kd1 {[%emt 0:03:31]} Ra2 {[%emt 0:00:06]} 50. Ke2 {[%emt 0:00:10]} h4 {[%emt 0:00:13]} 51. c4 {[%emt 0:03:41]} (51. Ke3 $16) 51... Nc3+ $14 {[%emt 0:00:45]} 52. Kd3 {[%emt 0:00:55]} Nd1 53. f3 {[%emt 0:00:27]} Nb2+ {[%emt 0:01:33]} 54. Kc3 {[%emt 0:01:44]} (54. Ke2 $5 {[%cal Rd4d5]}) 54... Nd1+ {[%emt 0:00:15]} 55. Kd3 {[%emt 0:00:05]} Nb2+ {[%emt 0:00:03]} 56. Ke2 {[%emt 0:02:28]} Ra4 {[%emt 0:03:42]} (56... Kf6 $1 $14) 57. c5 $16 {[%emt 0:00:06]} Nc4 {[%emt 0:02:37] Threatens to win with ...Ra2.} 58. Be1 {[%emt 0:00:09]} Ra2+ {[%emt 0:00:16]} 59. Kd3 {[%emt 0:00:22]} Nb2+ {[%emt 0:00:16]} 60. Kc2 {[%emt 0:00:18]} Nc4+ {[%emt 0:00:37]} 61. Kb3 $1 {[%emt 0:00:20]} Rxg2 {[%emt 0:00:18][%cal Oh4h3] Hoping for ...h3!} 62. Bxh4 {[%emt 0:03:57]} ({Don't go for} 62. Kxc4 $2 h3 63. Rc8 Kh7 $19) ({White should try} 62. Rc8 $1 {[%cal Rc8g8]} Kg7 63. Bxh4 (63. Kxc4 h3 $11) 63... Nd2+ 64. Kc3) 62... Nd2+ 63. Kc3 {[%emt 0:00:10]} Nxf3 {[%emt 0:00:02] [#]} 64. Bd8 {[%emt 0:01:01]} (64. Be7 $1 $16) 64... Rg4 {[%emt 0:01:43]} (64... Nxd4 $11 {keeps the balance.} 65. Kxd4 Rd2+ 66. Kc4 Rxd8) 65. Rd7 {[%emt 0:00:53] And now c6 would win.} Rg1 {[%emt 0:01:16]} 66. Kb2 {[%emt 0:01:02] c6 is the strong threat.} Rg2+ $1 {[%emt 0:00:28]} 67. Kc3 {[%emt 0:00:21]} (67. Kb3 $5 {[%cal Rc5c6]} e5 68. d5 $16) 67... Rg1 {[%emt 0:00:05]} 68. Kc2 {[%emt 0:00:09] Strongly threatening c6.} Rg4 $2 {[%emt 0:00:30] [#]} (68... e5 $16 {might work better.}) 69. Kd3 $1 $18 {[%emt 0:00:35] aiming for c6.} Rg3 {[%emt 0:00:35] White must now prevent ...Ne5+.} 70. Ke2 $2 {[%emt 0:00:16]} ({White should play} 70. Kc4 $18) 70... Ng5 $2 {[%emt 0:00:55][%mdl 8192]} (70... Kf5 $1 $11) 71. Bxg5 {[%emt 0:00:11]} Kxg5 {[%emt 0:00:37]} (71... Rxg5 $18 72. Rd8 Rg2+ 73. Kd3 Rg3+ 74. Kc4 Kf5) 72. Rxf7 {[%emt 0:00:07] KR-KR. White mates.} Rc3 {[%emt 0:00:21]} 73. Kd2 {[%emt 0:00:06]} Rc4 {[%emt 0:00:07]} 74. Kd3 {[%emt 0:00:51]} Rc1 {[%emt 0:00:01]} 75. Rf2 {[%emt 0:00:29]} Kg6 {[%emt 0:01:10]} 76. Rc2 {[%emt 0:01:46]} Ra1 {[%emt 0:00:50]} 77. c6 {[%emt 0:01:41]} Ra8 {[%emt 0:00:01]} 78. Kc4 {[%emt 0:00:05]} Kf6 {[%emt 0:00:28]} 79. Kb5 {[%emt 0:00:32]} Ke7 {[%emt 0:00:46]} 80. c7 {[%emt 0:00:15]} Kd7 {[%emt 0:00:40]} 81. c8=Q+ {[%emt 0:01:08]} Rxc8 {[%emt 0:00:03]} 82. Rxc8 {[%emt 0:00:06]} Kxc8 {[%emt 0:00:02]} 83. Kc6 {[%emt 0:00:06]} Kd8 {[%emt 0:00:11]} 84. Kd6 {[%emt 0:00:05]} e5 {[%emt 0:00:04]} 85. dxe5 {[%emt 0:00:07]} Ke8 {[%emt 0:00:03]} 86. Ke6 {[%emt 0:00:05] Weighted Error Value: White=0.20 (precise) /Black=0.12 (very precise)} 1-0

[Event "Swedish Elitserien 2021-22"]
[Site "Sodertalje"]
[Date "2022.05.15"]
[Round "9.2"]
[White "Amin, Bassem"]
[Black "Jepson, Christian"]
[Result "1-0"]
[WhiteElo "2686"]
[BlackElo "2401"]
[Annotator "TA"]
[PlyCount "65"]
[EventDate "2022.05.13"]
[EventType "team-tourn"]
[EventCountry "SWE"]
[SourceTitle "playchess.com"]
[Source "ChessBase"]
[SourceQuality "1"]

{[%evp 9,65,20,27,27,10,21,20,-16,61,77,75,81,76,94,78,65,72,58,104,104,163,159,160,154,149,103,184,191,212,210,271,260,309,291,439,450,418,414,606,631,679,664,753,745,994,993,968,965,1445,1497,1420,1374,2795,4525,2407,2302,2501,1018]} 1. e4 {[%emt 0:06:02]} d6 {[%emt 0:02:14]} 2. d4 {[%emt 0:01:25]} Nf6 {[%emt 0:00:12]} 3. Nc3 {[%emt 0:00:06]} e5 {[%emt 0:00:22]} 4. Nf3 {[%emt 0:00:31]} Nbd7 {[%emt 0:00:20]} 5. Be2 {[%emt 0:05:52]} Be7 {[%emt 0:05:17]} 6. g4 {[%emt 0:00:17] C41: Philidor Defence.} h6 {[%emt 0:00:26]} 7. Rg1 {[%emt 0:00:11]} c6 {[%emt 0:01:12]} 8. h4 {[%emt 0:06:17] The position is equal. 8.a4 is the modern continuation.} g6 {[%emt 0:28:58]} ({Black should play} 8... Nf8 $11) 9. g5 $14 {[%emt 0:06:12]} hxg5 {[%emt 0:00:17]} 10. hxg5 {[%emt 0:00:15]} ({Much weaker is} 10. Bxg5 $6 Qb6 $11) 10... Nh5 {[%emt 0:01:02]} 11. Be3 {[%emt 0:00:58]} Qc7 {[%emt 0:15:19] [#]} 12. Rh1 $146 {[%emt 0:06:33]} ({Predecessor:} 12. Qd2 Nb6 13. O-O-O Be6 14. d5 Bd7 15. Kb1 O-O-O 16. a4 Kb8 17. a5 Nc8 18. a6 {1-0 (51) El Gindy,E (2506)-Belouadah,S (2342) Maputo 2011}) 12... b5 {[%emt 0:09:17]} 13. a3 {[%emt 0:09:24]} a6 {[%emt 0:03:37]} (13... Nb6 $14 {was preferrable.}) 14. Nd2 $16 {[%emt 0:03:28]} Qd8 {[%emt 0:20:49]} (14... Nf8 $16) 15. Bxh5 {[%emt 0:09:39]} gxh5 {[%emt 0:00:11]} 16. Rxh5 {[%emt 0:07:57]} Rg8 {[%emt 0:00:29]} 17. Nf3 {[%emt 0:08:30] White is more active.} (17. d5 $142 c5 18. Qf3) 17... Qc7 {[%emt 0:01:11]} (17... Nb6 $16) 18. d5 $18 {[%emt 0:03:21]} c5 {[%emt 0:02:28]} 19. Nh4 {[%emt 0:06:26]} Nf6 {[%emt 0:02:27]} 20. gxf6 {[%emt 0:01:24]} Rg1+ {[%emt 0:00:06] [#]} 21. Ke2 $1 {[%emt 0:00:03]} Bg4+ {[%emt 0:01:45]} (21... Rxd1 $142 22. Rh8+ Bf8 23. Nxd1 Bd7) 22. f3 {[%emt 0:00:22][%cal Bf2f3,Bf3g4][%mdl 32]} Rxd1 {[%emt 0:00:10]} 23. Rh8+ {[%emt 0:00:21][%mdl 64] Skewer} Kd7 {[%emt 0:00:59]} (23... Bf8 $142 24. Nxd1 Bd7) 24. Rxa8 {[%emt 0:00:17][%cal Of6e7] White is clearly winning.} Rxa1 {[%emt 0:00:17]} 25. fxe7 {[%emt 0:00:14]} Kxe7 {[%emt 0:00:23] White must now prevent ...Bc8.} 26. fxg4 {[%emt 0:00:37]} b4 {[%emt 0:01:19]} 27. Nf5+ {[%emt 0:00:28]} Kd7 {[%emt 0:00:42]} 28. Rf8 {[%emt 0:01:20]} Qb6 {[%emt 0:02:05]} 29. axb4 {[%emt 0:00:18] g5 is the strong threat.} Rh1 {[%emt 0:00:24]} 30. Rxf7+ {[%emt 0:00:39]} Ke8 {[%emt 0:00:07] [#]} 31. Rb7 $3 {[%emt 0:02:19][%mdl 512]} Rh2+ {[%emt 0:00:40]} 32. Bf2 {[%emt 0:00:14]} Qd8 {[%emt 0:00:23]} 33. Ng7+ {[%emt 0:00:06] Weighted Error Value: White=0.05 (flawless) /Black=0.50} 1-0